000 00636nam a2200121Ia 4500
008 220615s9999||||xx |||||||||||||| ||und||
100 _aIshii, Terumasa
245 0 _aChapter 5 Historical overview of lesson study
546 _aEnglish[eng]
650 _aArea Studies||Asian Studies||Asian Studies (General)||Asian Education||Japanese Studies||Education||Classroom Practice||Assessment & Testing||Teaching & Learning||Curriculum Studies||Education Policy & Politics||Education Policy||International & Comparative Education
856 _uhttps://library.oapen.org/bitstream/20.500.12657/22359/1/9781138892514_OAChapter5.pdf
942 _cEB
999 _c19001
_d19001